The Hardy boys mystery stories (Record no. 118605)

MARC details
000 -LÍDER
campo de controle de tamanho fixo 01005 a2200241 4500
001 - NÚMERO DE CONTROLE
campo de controle 118605
020 ## - ISBN - INTERNATIONAL STANDARD BOOK NUMBER
ISBN - International Standard Book Number 9780448089188
020 ## - ISBN - INTERNATIONAL STANDARD BOOK NUMBER
Informação qualificadora enc.
041 ## - CÓDIGO DE IDIOMA
Código do idioma do texto/trilha sonora ou título diferente eng
082 ## - CDD - CLASSIFICAÇÃO DECIMAL DE DEWEY
Número de Classificação [Fic]
040 ## - FONTE DA CATALOGAÇÃO
Instituição da catalogação original BR-BrIDEA
Instituição que transcreveu o registro BR-BrIDEA
090 ## - NÚMERO DE CHAMADA LOCAL
Número de chamada (OCLC) (R); Número de chamada, CALL (RLIN) (NR) Year 4 [Fic]
Número Cutter local (OCLC); Número de classificação do livro, CALL (RLIN) HAR
245 10 - TÍTULO
Título The Hardy boys mystery stories
246 ## - FORMA VARIANTE DO TÍTULO
Título/título abreviado The twisted claw
260 ## - PUBLICAÇÃO, DISTRIBUIÇÃO, ETC.
Local de publicação, distribuição, etc. New York
Nome do editor, distribuidor, etc. Grosset & Dunlap
Data da publicação, distribuição, etc. 1997
300 ## - DESCRIÇÃO FÍSICA
Extensão 180 p.
Outros detalhes físicos ill.
490 ## - TÍTULO DA SÉRIE
Título da série The Hardy boys mystery stories
520 ## - NOTA DE RESUMO, ETC
Resumo, etc. A series of museum thefts launch the Hardy Boys on this baffling mystery. Rare collections of ancient pirate treasure are being stolen, so Frank and Joe are asked to stake out the Black Parrot, a suspicious freighter docked in Bayport Harbor. This whirlwind chase after a self-styled pirate king in the Caribbean stronghold of the Empire of the Twisted Claw makes a gripping tale of suspense and high adventure.
697 ## - ENTRADA DE ASSUNTO LOCAL--ENTIDADE COLETIVA (RLIN)
Nome corporativo ou nome da jurisdição Mystery - Fiction
700 ## - ENTRADA ADICIONADA - NOME PESSOAL
Nome pessoal Dixon, Franklin W.
Função do autor por extenso author
856 ## - LOCALIZAÇÃO ELETRÔNICA E ACESSO
Uniform Resource Identifier <a href="000031/0000315c.jpg">000031/0000315c.jpg</a>
942 ## - ELEMENTOS DE ENTRADA ADICIONADOS (KOHA)
Tipo de material Koha Livros
Holdings
Situação do descarte Situação das perdas Fonte da classificação ou esquema de arquivamento na estante Situação física Não pode ser emprestado Biblioteca de origem Biblioteca atual Data de aquisição Total de empréstimos Número de chamada completo Código de barras Data de último acesso Data do preço efetivo Tipo de material Koha
    Classificação Decimal de Dewey     ECB - SUDOESTE ECB - SUDOESTE 29/07/2022   Year 4 [Fic] HAR 00058946SSW 23/01/2024 23/01/2024 Livros